Statystyki dla Marvel Animated Universe

Kliknij tutaj aby rozwiązać quiz!

Ogólne statystyki

  • Ten quiz został rozwiązany 17 razy
  • Średni wynik to 62 z 200

Statystyki odpowiedzi

Odpowiedź% Poprawnych
Spider-Man/Peter Parker
100%
Spider-Man/Miles Morales
91%
Spider-Ham/Peter Porker
82%
Spider-Man Noir/Peter Parker
82%
Spider-Woman/Gwen Stacy
82%
John Jonah Jameson
73%
Ms. Marvel/Kamala Khan
73%
Ant-Man/Scott Lang
64%
Captain Marvel/Carol Danvers
64%
Deadpool/Wade Wilson
64%
Doctor Strange/Stephen Strange
64%
Hela
64%
Iron Man/Tony Stark
64%
Nick Fury
64%
Odin Borson
64%
Thanos
64%
Thor Odinson
64%
Thunderstrike/Jane Foster
64%
Black Panther/T'Challa
55%
Captain America/Steve Rogers
55%
Drax the Destroyer/Arthur Douglas
55%
Ghost Rider/Johnny Blaze
55%
Hawkeye/Clint Barton
55%
Hulk/Bruce Banner
55%
Iron Skull/Johann Schmidt
55%
M.O.D.O.K./George Tarleton
55%
Moon Knight/Marc Spector
55%
Mysterio/Francie Beck
55%
Rocket Raccoon/89P13
55%
She-Hulk/Jen Walters
55%
Spider-Punk/Hobbie Brown
55%
Vision
55%
Wasp/Hope Van Dyne
55%
Black Widow/Natalia Romanova
45%
Dormammu
45%
Hawkeye/Kate Bishop
45%
Heimdall
45%
Howard the Duck/Howard Duckson
45%
Human Torch/Johnny Storm
45%
Invisible Woman/Sue Storm
45%
Iron Fist/Danny Rand
45%
Loki Laufeyson
45%
May Parker
45%
Mister Fantastic/Reed Richards
45%
Punisher/Frank Castle
45%
Red Hulk/Thaddeus Ross
45%
Sandman/Flint Marko
45%
Spider-Girl/Petra Parker
45%
Stan Lee
45%
The Thing/Ben Grimm
45%
Ultron
45%
War Machine/James Rhodes
45%
Winter Soldier/Bucky Barnes
45%
Wolverine/James Howlett
45%
Agent C/Phil Coulson
36%
Agent Venom/Flash Thompson
36%
Arnim Zola
36%
Baron Mordo/Karl Mordo
36%
Beast/Henry McCoy
36%
Beetle/Abner Jenkins
36%
Black Bolt/Blackagar Boltagon
36%
Doctor Doom/Victor von Doom
36%
Doctor Octopus/Otto Octavius
36%
Ego the Living Planet
36%
Electro/Max Dillon
36%
Falcon/Sam Wilson
36%
Galactus/Galan
36%
Gamora
36%
Ghost
36%
Groot
36%
Hercules Panhellenios
36%
Kang the Conqueror/Nathaniel Richards
36%
Kraven the Hunter/Sergei Kravinoff
36%
Lizard/Curt Connors
36%
Madame Web/Julia Carpenter
36%
Maestro/Bruce Banner
36%
Morbius the Living Vampire/Michael Morbius
36%
Power Man/Luke Cage
36%
Red Guardian/Nikolai Krylenko
36%
Rhino/Alex O'Hirn
36%
Ronan
36%
Spyder-Knight/Peter Parker
36%
Star-Lord/Peter Quill
36%
Super-Skrull/Kl'rt
36%
Uatu the Watcher
36%
White Tiger/Ava Ayala
36%
A-Bomb/Rick Jones
27%
Abomination/Emil Blonsky
27%
Ares
27%
Blade/Eric Brooks
27%
Crossbones/Brock Rumlow
27%
Hydro-Man/Morris Bench
27%
Hyperion
27%
Iron Man/Arno Stark
27%
Iron Patriot/Norman Osborn
27%
Iron Spider/Amadeus Cho
27%
Juggernaut/Cain Marko
27%
Justin Hammer
27%
Klaw/Ulysses Klaue
27%
Man-Thing/Ted Sallis
27%
Medusa/Medusalith Amaquelin
27%
Nighthawk/Kyle Richmond
27%
Nova/Sam Alexander
27%
Sabretooth/Victor Creed
27%
Scarlet Spider/Ben Reilly
27%
Scorpion
27%
Skurge the Executioner
27%
Spider-Man 2099/Miguel O'Hara
27%
Spider-Woman/Mary Jane Watson
27%
Squirrel Girl/Doreen Green
27%
Taskmaster/Anthony Masters
27%
White Tiger/Hector Ayala
27%
Absorbing Man/Carl Creel
18%
Annihilus
18%
Attuma
18%
Baron Zemo/Helmut Zemo
18%
Batroc the Leaper/Georges Batroc
18%
Beyonder
18%
Blizzard/Donald Gill
18%
Blood Spider/Peter Parker
18%
Bulldozer/Henry Camp
18%
Cloak/Tyrone Johnson
18%
Collector/Taneleer Tivan
18%
Count Dracula/Vlad Dracula
18%
Dagger/Tandy Bowen
18%
Devil Dinosaur
18%
Doc Samson/Leonard Samson
18%
Egghead/Elihas Starr
18%
Enchantress/Amora
18%
Gorgon Petragon
18%
Grandmaster/En Dwi Gast
18%
Grim Reaper/Eric Williams
18%
Impossible Man
18%
Jack O'Lantern
18%
Ka-Zar/Kevin Plunder
18%
Laufey
18%
Leader/Samuel Sterns
18%
Living Laser/Arthur Parks
18%
Lockjaw
18%
Mojo
18%
Mole Man/Harvey Elder
18%
Nightmare
18%
Sauron/Karl Lykos
18%
Shriek/Frances Barrison
18%
Skaar
18%
Slinger/Peter Parker
18%
Songbird/Melissa Gold
18%
Speed Demon
18%
Super Adaptoid
18%
Thunderball/Eliot Franklin
18%
Titania/Mary MacPherran
18%
Triton
18%
Vulture/Adrian Toomes
18%
Web-Beard/Peter Parker
18%
Web-Slinger/Peter Parker
18%
Wendigo
18%
Whiplash/Anton Vanko
18%
Wizard/Bentley Wittman
18%
Wolf Spider/Peter Parker
18%
Wrecker/Dirk Garthwaite
18%
Agamotto
9%
Arkon
9%
Atlas/Erik Josten
9%
Awesome Android
9%
Blastaar
9%
Captain Ultra/Griffin Gogol
9%
Cobalt Man
9%
Crimson Dynamo/Ivan Vanko
9%
Darkstar/Laynia Petrovna
9%
Deathlok/Luther Manning
9%
Doctor Spectrum
9%
Dragon Man/Draconus
9%
Falcon/Joaquín Torres
9%
Fin Fang Foom
9%
Frankenstein's Monster
9%
J'son
9%
Kaine
9%
Korvac
9%
Living Mummy/N'Kantu
9%
Man-Wolf/John Jameson
9%
Melter/Bruno Horgan
9%
Meteorite/Karla Sofen
9%
Minotaur/Benito Serrano
9%
Mister Fixit/Bruce Banner
9%
Molecule Kid/Aaron Reece
9%
Nuke
9%
Patrioteer/Harry Osborn
9%
Phantom Rider/Ben Parker
9%
Piledriver/Brian Calusky
9%
Power Princess/Zarda Shelton
9%
Red Ghost/Ivan Kragoff
9%
Steel Spider/Oliver Osnick
9%
Thundra
9%
Trapster/Peter Petruski
9%
Werewolf by Night/Jack Russell
9%
Whirlwind/David Cannon
9%
Whizzer/Robert Frank
9%
Xemnu
9%
X-Ray/James Darnell
9%
Zzzax
9%

Rozkład punktacji

Percentyl według liczby udzielonych odpowiedzi

Procent ludzi z każdym wynikiem

Twoja historia wyników

Nie rozwiązałeś tego quizu